| 000 | 00571nam a2200217 a 4500 | ||
|---|---|---|---|
| 999 |
_c8761 _d8761 |
||
| 001 | 8761 | ||
| 003 | BD-JhCC | ||
| 005 | 20180303192246.0 | ||
| 008 | 180303b 1938ii |||| ||a| 000 0 eng d | ||
| 035 | _a(BD-JhCC)n 8761 | ||
| 040 |
_aBD-JhCC _dBD-JhCC |
||
| 041 | _aeng | ||
| 082 |
_a420.9 _bJES 1938 |
||
| 100 | _aJespersen, Otto | ||
| 245 | _aGROWTH AND STRUCTURE OF THE ENGLISH LANGUAGE / | ||
| 260 |
_aIndian : _bIndian Brance oxford University press , _c1938 |
||
| 300 |
_a244 p .: _c22 cm . |
||
| 650 | _aEnglish Language | ||
| 942 |
_2ddc _cBK |
||